[Event "Pasto Narino Cup"]
[Site "Pasto"]
[Date "2022.07.24"]
[Round "5"]
[White "Escobar Villota, Domenika Gabriela"]
[Black "Romero Revelo, Edison David"]
[Result "1-0"]
[WhiteElo "1485"]
[BlackElo "1600"]
[PlyCount "71"]
[EventDate "2022.07.23"]
[EventType "swiss"]
[EventRounds "6"]
[EventCountry "COL"]
[SourceTitle "CBM 209 Extra"]
[Source "ChessBase"]
[SourceDate "2022.09.30"]
[SourceVersion "1"]
[SourceVersionDate "2022.09.30"]
[SourceQuality "1"]

1. d4 d6 2. Nf3 Bg4 3. e3 e5 4. dxe5 Nc6 5. exd6 Bxd6 6. Nc3 Nf6 7. Be2 Qe7 8. Nd4 Nxd4 9. exd4 0-0-0 10. 0-0 Bxe2 11. Nxe2 h5 12. c4 g5 13. Qc2 Rdg8 14. c5 Bf4 15. Nxf4 gxf4 16. Bxf4 Nd5 17. Bd2 Qh4 18. Qf5+ Kb8 19. Qxd5 Rg6 20. Rfe1 Rd8 21. Qe5 a6 22. Bf4 Rc8 23. Bg3 Qg4 24. Re4 Qd7 25. Rae1 h4 26. Bxh4 Re6 27. Qf4 Qc6 28. Rxe6 fxe6 29. Qe5 Re8 30. d5 Qa4 31. Bg3 Rc8 32. dxe6 Qa5 33. e7 Re8 34. Rd1 Rxe7 35. Qxe7 Ka7 36. Qxc7 1-0

[Event "Pasto Narino Cup"]
[Site "Pasto"]
[Date "2022.07.23"]
[Round "1"]
[White "Ascuntar Mora, Dario Fernando"]
[Black "Romero Revelo, Edison David"]
[Result "1-0"]
[WhiteElo "1755"]
[BlackElo "1600"]
[PlyCount "95"]
[EventDate "2022.07.23"]
[EventType "swiss"]
[EventRounds "6"]
[EventCountry "COL"]
[SourceTitle "CBM 209 Extra"]
[Source "ChessBase"]
[SourceDate "2022.09.30"]
[SourceVersion "1"]
[SourceVersionDate "2022.09.30"]
[SourceQuality "1"]

1. d4 d6 2. Bf4 f6 3. e4 h5 4. Be2 g6 5. c4 Bg7 6. Nc3 Nc6 7. Nf3 Bg4 8. h3 Bxf3 9. Bxf3 Qd7 10. Rc1 Nxd4 11. Qxd4 e5 12. Bxe5 fxe5 13. Qd3 c6 14. Bd1 Nf6 15. Ba4 0-0 16. 0-0 Rad8 17. Bb3 c5 18. Rcd1 a6 19. Qg3 Kh7 20. Rd3 Bh6 21. Rfd1 Qe6 22. f3 Bf4 23. Qe1 Rg8 24. Nd5 Nxd5 25. exd5 Qf6 26. Bc2 h4 27. Rb3 Rd7 28. Rb6 Rgd8 29. Rd3 Qg5 30. Rdb3 Bg3 31. Qd1 Rb8 32. Rxa6 Rf8 33. Ra7 Rff7 34. Qb1 Rf6 35. Raxb7 Rxb7 36. Rxb7+ Kh6 37. Be4 Qe3+ 38. Kh1 Qf2 39. a4 Bf4 40. a5 Qg3 41. Qg1 Rf8 42. Rd7 Rb8 43. Rxd6 Rxb2 44. Rxg6+ Qxg6 45. Bxg6 Kxg6 46. Qa1 Rb4 47. a6 Rxc4 48. a7 1-0

[Event "Pasto Narino Cup"]
[Site "Pasto"]
[Date "2022.07.23"]
[Round "3"]
[White "Palacios De Rosales, Alba Amparo"]
[Black "Romero Revelo, Edison David"]
[Result "0-1"]
[WhiteElo "1431"]
[BlackElo "1600"]
[PlyCount "88"]
[EventDate "2022.07.23"]
[EventType "swiss"]
[EventRounds "6"]
[EventCountry "COL"]
[SourceTitle "CBM 209 Extra"]
[Source "ChessBase"]
[SourceDate "2022.09.30"]
[SourceVersion "1"]
[SourceVersionDate "2022.09.30"]
[SourceQuality "1"]

1. e4 d6 2. d4 e5 3. d5 c6 4. Nf3 f5 5. Bg5 Nf6 6. Bc4 h6 7. Bh4 g5 8. Bg3 f4 9. Nc3 fxg3 10. hxg3 Bg4 11. dxc6 Nxc6 12. Bb5 a6 13. Ba4 b5 14. Bb3 Nd4 15. Bd5 Rc8 16. Bb7 b4 17. Bxc8 Qxc8 18. Qd3 bxc3 19. bxc3 Nxf3+ 20. gxf3 Be6 21. f4 Qc4 22. Qe3 Qxe4 23. Qxe4 Nxe4 24. fxe5 Nxc3 25. exd6 Bxd6 26. 0-0 Kf7 27. Rfe1 Bxa2 28. Re3 Bb4 29. Rae1 Bd5 30. Kh2 g4 31. Re5 Kf6 32. R1e3 a5 33. Rxc3 Kxe5 34. Re3+ Kf5 35. c3 Bc5 36. Rd3 Bf3 37. Kg1 Rb8 38. Rxf3+ gxf3 39. Kh2 Kg4 40. c4 a4 41. Kg1 a3 42. Kf1 a2 43. Ke1 Rb2 44. Kf1 a1R# 0-1